The best of Madrid fusion Manila : (Record no. 11712)
[ view plain ]
| 000 -LEADER | |
|---|---|
| fixed length control field | 00647nam a22001697a 4500 |
| 003 - CONTROL NUMBER IDENTIFIER | |
| control field | OSt |
| 005 - DATE AND TIME OF LATEST TRANSACTION | |
| control field | 20181220134253.0 |
| 008 - FIXED-LENGTH DATA ELEMENTS--GENERAL INFORMATION | |
| fixed length control field | 181220b ||||| |||| 00| 0 eng d |
| 040 ## - CATALOGING SOURCE | |
| Transcribing agency | 0 |
| 082 ## - DEWEY DECIMAL CLASSIFICATION NUMBER | |
| Classification number | DPer 910.5 T69 Apr-June 2015 v. 45, n.4-5 |
| 245 ## - TITLE STATEMENT | |
| Title | The best of Madrid fusion Manila : |
| Remainder of title | Inspired ideas, thrilling moments, memorable tastings and other highlights from the years most exciting culinary event / |
| 260 ## - PUBLICATION, DISTRIBUTION, ETC. (IMPRINT) | |
| Place of publication, distribution, etc. | Quezon City, Philippines : |
| Name of publisher, distributor, etc. | ABS-CBN Publishing Inc., |
| Date of publication, distribution, etc. | cApr-June 2015. |
| 300 ## - PHYSICAL DESCRIPTION | |
| Extent | v. 45, n. 4-6, p. 52-53. |
| Other physical details | colored illustrations: |
| Dimensions | 28 cm. |
| 500 ## - GENERAL NOTE | |
| General note | Food |
| 650 ## - SUBJECT ADDED ENTRY--TOPICAL TERM | |
| Topical term or geographic name as entry element | Food |
| Form subdivision | Periodical |
| 9 (RLIN) | 33440 |
| 942 ## - ADDED ENTRY ELEMENTS (KOHA) | |
| Source of classification or shelving scheme | Dewey Decimal Classification |
| Koha item type | Periodicals |
No items available.
